Giáo trình lịch sử văn minh phương tây

Đã lưu trong:
书目详细资料
主要作者: Cao Cẩm Hương
格式: 图书
语言:Undetermined
出版: Cần Thơ Trường Đại học Cần Thơ 2003
主题:
标签: 添加标签
没有标签, 成为第一个标记此记录!
Thư viện lưu trữ: Trung tâm Học liệu Trường Đại học Cần Thơ
LEADER 00563nam a2200169Ia 4500
001 CTU_55748
008 210402s9999 xx 000 0 und d
082 |a 940 
082 |b H561 
100 |a Cao Cẩm Hương 
245 0 |a Giáo trình lịch sử văn minh phương tây 
245 0 |c Cao Cẩm Hương 
260 |a Cần Thơ 
260 |b Trường Đại học Cần Thơ 
260 |c 2003 
650 |a Civilization,Western-History,Civilization,Western-History-Sources 
980 |a Trung tâm Học liệu Trường Đại học Cần Thơ